Phylogenetics and biogeography of an Andean fern radiation, the Jamesonia-Eriosorus Complex (Registro nro. 2009)

Detalles MARC
000 -CABECERA
Campo de control 00730nam a2200217 a 4500
005 - FECHA Y HORA DE LA ULTIMA TRANSACCION
Campo de control 20180824150016.0
008 - ELEMENTOS DE LONGITUD FIJA—INFORMACION GENERAL
Campo de control 140303b2000 cau|||||rm||| 00| 0 eng d
040 ## - FUENTE DE CATALOGACIÓN
Agencia catalogadora original CO-BoIAVH
Agencia transcriptora CO-BoIAVH
041 ## - IDIOMA
Código de idioma para texto/pista de sonido o título separado Inglés
044 ## - PAÍS DE PUBLICACIÓN
País de publicación Estados Unidos
090 ## - CLASIFICACIÓN LOCAL
Colección TE-
Consecutivo 0116
100 1# - ASIENTO PRINCIPAL--NOMBRE PERSONAL
Nombre personal Sánchez Baracaldo, Patricia
9 (RLIN) 14099
245 1# - MENCION DE TITULO
Título Phylogenetics and biogeography of an Andean fern radiation, the Jamesonia-Eriosorus Complex
260 ## - PUBLICACION, DISTRIBUCION, ETC. (PIE DE IMPRENTA)
Lugar de publicación, distribución, etc. Berkeley:
Nombre del editor, distribuidor, etc. University of California,
Fecha de publicación, distribución, etc. 2000.
300 ## - DESCRIPCION FISICA
Extensión 121 páginas
502 ## - NOTA DE TESIS
Nota de tesis Tesis para optar al título de doctor en filosofía por la Universidad de California
650 14 - ASIENTO SECUNDARIO DE MATERIA - TERMINO TEMATICO
Término temático o nombre geográfico como elemento de entrada Filogenética
9 (RLIN) 4310
650 14 - ASIENTO SECUNDARIO DE MATERIA - TERMINO TEMATICO
Término temático o nombre geográfico como elemento de entrada Biogeografía
9 (RLIN) 75300
650 14 - ASIENTO SECUNDARIO DE MATERIA - TERMINO TEMATICO
Término temático o nombre geográfico como elemento de entrada Ecosistemas andinos
9 (RLIN) 75301
942 ## - ELEMENTOS ADICIONALES (KOHA)
Tipo de ítem Tesis
Sistema de clasificación Local
Existencias
Withdrawn status Lost status Sistema de Clasificación Damaged status No para préstamo Colección Inventariado Ubicación Permanente Ubicación actual Fecha de adquisición Fuente de Valor Total Checkouts Número topográfico Inventario / Código de Barras Date last seen Ejemplar Price effective from Forma de adquisición Tipo de material Public note
    Local     Tesis Inventariado 2017 Bogotá Bogotá 29/01/2001 Samper, Cristián   TE-0116 002493 04/12/2012 Ej. 1 04/12/2012 Donación Tesis Disponible solo para consulta en sala